| 000 | 00402 a2200157 4500 | ||
|---|---|---|---|
| 020 | _a9695190650 | ||
| 082 | _a297.0954 | ||
| 090 |
_c5954 _d5954 |
||
| 100 | _aAhmad,Aziz | ||
| 245 |
_aMuslim Self-Statement in India and Pakistan 1857-1968. _cAziz Ahmad. |
||
| 250 | _a1st | ||
| 260 |
_aLahore. _bSuhail Academy. _c2004. |
||
| 300 | _a240p. | ||
| 500 | _aHardcover. | ||
| 942 |
_aNBS _cBK _k297.0954 AZI |
||
| 999 |
_c348345 _d348345 |
||